| 000 | 00659nam a2200193 i 4500 | ||
|---|---|---|---|
| 001 | 188884 | ||
| 003 | ES-MaACL | ||
| 005 | 20250814063259.0 | ||
| 008 | 190221s1964 sp |||| | cat d | ||
| 100 | 1 |
_aSimenon, Georges, _d1903-1989 _9106467 |
|
| 245 | 1 | 3 |
_aEl penjat de Saint-Fhoilen / _cGeorges Simenon ; [traducció de Maurici Serrahima]. |
| 260 |
_aBarcelona : _bEdiciones 62, _c[1964] |
||
| 300 |
_a119 p. ; _c18 cm. |
||
| 490 | 1 |
_aCol·lecció "La Cua de Palla" ; _v24 |
|
| 700 | 0 |
_aSerrahima, Maurici. _9105674 |
|
| 830 | 0 |
_aCol·lecció "La Cua de Palla" ; _v24 _9193174 |
|
| 852 |
_aES-MaACL _jP-507-Bis-21 |
||
| 999 |
_c188884 _d188884 |
||